000 00286nam a2200109Ia 4500
008 240731s9999 xx 000 0 und d
245 0 _aOpen Access Journal of Urology
260 _bDove Medical Press
856 _uhttps://www.tandfonline.com/loi/drru19
942 _2ddc
942 _cTFEJ
999 _c78800
_d78800
945 _a1
_bMadushi Gamage
_c1
_dMadushi Gamage